000 00539 a2200181 4500
001 132990
003 OSt
005 20220331143719.0
008
020 _a9780199215416
082 _a530.11
_bR29P
100 1 _aRendall, Alan D
245 1 _aPartial differential equations in general relativity
_cby Alan D Rendall
260 _aOxford
_bOxford University Press
_c2008
300 _a279p.
690 _aDifferential equations, Partial; General relativity (Physics)-Mathematics
942 _2ddc
_cBK
999 _c7323
_d7323